|
|
|
|
| LEADER |
02498nam a2200385 a 4500 |
| 001 |
1634281 |
| 008 |
091223r20031997njua b 001 0 eng d |
| 010 |
|
|
|a 96017344
|
| 020 |
|
|
|a 812031235X
|
| 020 |
|
|
|a 0134762924
|
| 040 |
|
|
|a DLC
|c DLC
|d DLC
|d BD-DhAAL
|
| 082 |
0 |
0 |
|a 519.5
|2 20
|
| 100 |
1 |
|
|a Levin, Richard I.
|
| 245 |
1 |
0 |
|a Statistics for management /
|c Richard I. Levin, David S. Rubin.
|
| 250 |
|
|
|a 7th ed.
|
| 260 |
|
|
|a Upper Saddle River, N.J. ;
|a New Delhi :
|b Prentice Hall,
|c c1998.
|
| 300 |
|
|
|a 1 v. (various pagings) :
|b ill. (some col.) ;
|c 26 cm.
|
| 504 |
|
|
|a Includes bibliographical references and index.
|
| 541 |
1 |
|
|e 00008780
|
| 650 |
|
0 |
|a Social sciences
|x Statistical methods.
|
| 650 |
|
0 |
|a Commercial statistics.
|
| 650 |
|
0 |
|a Management
|x Statistical methods.
|
| 700 |
1 |
|
|a Rubin, David S.
|
| 852 |
4 |
|
|a Ayesha Abed Library
|j General shelf
|
| 942 |
0 |
0 |
|0 1
|
| 999 |
|
|
|c 6382
|d 6382
|
| 952 |
|
|
|0 0
|1 0
|2 ddc
|4 0
|6 519_500000000000000_LEV_2003
|7 0
|9 6440
|a BRACUL
|b BRACUL
|c GEN
|d 2009-12-24
|g 0.00
|l 18
|m 109
|o 519.5 LEV
|p 3010008780
|r 2024-09-07
|s 2024-07-01
|t 1
|w 2009-12-24
|y BK
|x No price found in the accession register.
|
| 952 |
|
|
|0 0
|1 0
|2 ddc
|4 0
|6 519_500000000000000_LEV_2003
|7 0
|9 7020
|a BRACUL
|b BRACUL
|c GEN
|d 2010-01-10
|l 16
|m 153
|o 519.5 LEV
|p 3010016023
|r 2020-02-11
|s 2019-12-23
|t 2
|w 2010-01-10
|y BK
|
| 952 |
|
|
|0 0
|1 3
|2 ddc
|4 0
|6 519_500000000000000_LEV
|7 0
|9 7758
|a BRACUL
|b BRACUL
|c GEN
|d 2010-02-03
|g 190.00
|l 20
|m 156
|o 519.5 LEV
|p 3010016022
|r 2022-07-06
|s 2020-02-17
|t 3
|v 380.00
|w 2010-02-03
|y BK
|x Lost and cost paid by Id (18301146), Money Receipt 47494
|
| 952 |
|
|
|0 0
|1 0
|2 ddc
|4 0
|6 519_500000000000000_LEV_2003
|7 0
|9 17521
|a BRACUL
|b BRACUL
|c GEN
|d 2011-07-19
|l 17
|m 157
|o 519.5 LEV
|p 3010016025
|r 2022-03-24
|s 2020-01-12
|t 4
|w 2011-07-19
|y BK
|
| 952 |
|
|
|0 0
|1 0
|2 ddc
|4 0
|6 519_500000000000000_LEV
|7 0
|9 42896
|a SCL
|b SCL
|c GEN
|d 2009-11-09
|g 140.00
|l 0
|o 519.5 LEV
|p 3020007191
|r 2014-07-05
|t 5
|w 2014-07-05
|y BK
|
| 952 |
|
|
|0 0
|1 0
|2 ddc
|4 0
|6 519_500000000000000_LEV
|7 0
|9 52617
|a SCL
|b SCL
|c GEN
|d 2015-02-14
|g 140.00
|l 0
|o 519.5 LEV
|p 3020007189
|r 2015-02-14
|t 6
|w 2015-02-14
|y BK
|
| 952 |
|
|
|0 0
|1 0
|2 ddc
|4 0
|6 519_500000000000000_LEV
|7 0
|9 52618
|a SCL
|b SCL
|c GEN
|d 2015-02-14
|g 140.00
|l 0
|o 519.5 LEV
|p 3020007190
|r 2015-02-14
|t 7
|w 2015-02-14
|y BK
|
| 952 |
|
|
|0 0
|1 0
|2 ddc
|4 0
|6 519_500000000000000_LEV
|7 0
|9 52619
|a SCL
|b SCL
|c GEN
|d 2015-02-14
|g 140.00
|l 0
|o 519.5 LEV
|p 3020007187
|r 2015-02-14
|t 8
|w 2015-02-14
|y BK
|
| 952 |
|
|
|0 0
|1 0
|2 ddc
|4 0
|6 519_500000000000000_LEV
|7 0
|9 52620
|a SCL
|b SCL
|c GEN
|d 2015-02-14
|g 140.00
|l 0
|o 519.5 LEV
|p 3020007188
|r 2015-02-14
|t 9
|w 2015-02-14
|y BK
|